Normal view
MARC view
- ادارة الاعمال
Entry Topical Term
001 - CONTROL NUMBER
- control field: 56733
003 - CONTROL NUMBER IDENTIFIER
- control field: JO-AjAnu
005 - DATE AND TIME OF LATEST TRANSACTION
- control field: 20230606083309.0
008 - FIXED-LENGTH DATA ELEMENTS
- fixed length control field: 230606|| aca||aabn | a|a d
040 ## - CATALOGING SOURCE
- Original cataloging agency: JO-AjAnu
- Transcribing agency: JO-AjAnu
150 ## - HEADING--TOPICAL TERM
- Topical term or geographic name entry element: ادارة الاعمال
670 ## - SOURCE DATA FOUND
- Source citation: Work cat.: (JO-AjAnu)28950: المؤتمر الدولي العلمي المحكم خلال الفترة 12 -2016/12/13 عمان -الاردن, author 56732, النظرة المستقبلية لمنشآت الاعمال في ضوء التطورات التكنولوجية